000 00440nam a2200181Ia 4500
003 GCL
008 140319s9999 xx 000 0 ara d
040 _aGCL /
_cGCL
082 0 4 _a240
_bا ع
245 1 0 _aعقيدة المؤمن
260 _a[S.N] :
_bدار الكتب السلفية
300 _a400 ص
490 _a
650 0 4 _aالعقائد
650 0 4 _aالايمان
650 0 4 _aعلم الكلام
942 _2ddc
_cBK
999 _c59058
_d59058